| 000 | 00318nam a2200121Ia 4500 | ||
|---|---|---|---|
| 008 | 230907s9999||||xx |||||||||||||| ||und|| | ||
| 082 | _a621.3191,MAC | ||
| 100 |
_aMachowski, Jan. _992034 |
||
| 245 | 0 | _aPower system dynamics : | |
| 260 |
_aWiley, _bChichester, U.K. : _c2008 |
||
| 300 | _axxvii, 629 p. ; | ||
| 942 | _cBK | ||
| 999 |
_c597570 _d597570 |
||